Stones of bobello / (Record no. 24461)
[ view plain ]
| 000 -LEADER | |
|---|---|
| fixed length control field | 01321cam a22003975a 4500 |
| 001 - CONTROL NUMBER | |
| control field | 7189746 |
| 003 - CONTROL NUMBER IDENTIFIER | |
| control field | EG-ScBUE |
| 005 - DATE AND TIME OF LATEST TRANSACTION | |
| control field | 20220227093122.0 |
| 008 - FIXED-LENGTH DATA ELEMENTS--GENERAL INFORMATION | |
| fixed length control field | 051016s2005 ua f 000 f eng d |
| 020 ## - INTERNATIONAL STANDARD BOOK NUMBER | |
| International Standard Book Number | 977424950X |
| 020 ## - INTERNATIONAL STANDARD BOOK NUMBER | |
| International Standard Book Number | 9789774249501 |
| 035 ## - SYSTEM CONTROL NUMBER | |
| System control number | (OCoLC)ocn688889785 |
| 035 ## - SYSTEM CONTROL NUMBER | |
| System control number | 7189746 |
| 040 ## - CATALOGING SOURCE | |
| Original cataloging agency | HLS |
| Language of cataloging | eng |
| Description conventions | rda |
| Transcribing agency | HLS |
| Modifying agency | CUY |
| -- | OCLCG |
| -- | CtY |
| -- | EG-ScBUE |
| -- | EG-ScBUE |
| 041 1# - LANGUAGE CODE | |
| Language code of text/sound track or separate title | eng |
| Language code of original and/or intermediate translations of text | ara |
| 043 ## - GEOGRAPHIC AREA CODE | |
| Geographic area code | f-ua--- |
| 082 04 - DEWEY DECIMAL CLASSIFICATION NUMBER | |
| Classification number | 892.736 |
| Item number | KHA |
| Edition number | 22 |
| 100 1# - MAIN ENTRY--PERSONAL NAME | |
| Personal name | Kharrat, Edwar, |
| Dates associated with a name | 1926- |
| Relator term | author. |
| 240 10 - UNIFORM TITLE | |
| Uniform title | <a href="Hijarat Bobello.">Hijarat Bobello.</a> |
| Language of a work | English |
| 245 10 - TITLE STATEMENT | |
| Title | Stones of bobello / |
| Statement of responsibility, etc | Edwar al-Kharrat ; translated by Paul Starkey. |
| 264 #1 - PUBLICATION, DISTRIBUTION, ETC. (IMPRINT) | |
| Place of publication, distribution, etc | Cairo : |
| Name of publisher, distributor, etc | The American University in Cairo Press, |
| Date of publication, distribution, etc | 2005. |
| 300 ## - PHYSICAL DESCRIPTION | |
| Extent | 144 pages ; |
| Dimensions | 22 cm |
| 336 ## - CONTENT TYPE | |
| Source | rdacontent |
| Content type term | text |
| Content type code | txt |
| 337 ## - MEDIA TYPE | |
| Source | rdamedia |
| Media type term | unmediated |
| Media type code | n |
| 338 ## - CARRIER TYPE | |
| Source | rdacarrier |
| Carrier type term | volume |
| Carrier type code | nc |
| 500 ## - GENERAL NOTE | |
| General note | First published in Arabic in 1993. |
| 546 ## - LANGUAGE NOTE | |
| Language note | Text in English ; translated from original Arabic. |
| 650 #7 - SUBJECT ADDED ENTRY--TOPICAL TERM | |
| Topical term or geographic name as entry element | Social conditions. |
| Source of heading or term | BUEsh |
| 651 #7 - SUBJECT ADDED ENTRY--GEOGRAPHIC NAME | |
| Geographic name | Egypt |
| Geographic subdivision | Nile River Delta |
| Source of heading or term | BUEsh |
| 653 ## - INDEX TERM--UNCONTROLLED | |
| Resource For college | Arabic Literature |
| -- | Humanities: English |
| -- | Generalities |
| Arrived date list | March2017 |
| 655 ## - INDEX TERM--GENRE/FORM | |
| Form subdivision | Reading book |
| 9 (RLIN) | 34232 |
| 700 1# - ADDED ENTRY--PERSONAL NAME | |
| Personal name | Starkey, Paul, |
| Dates associated with a name | 1947-, |
| Relator term | translator. |
| 9 (RLIN) | 35161 |
| 752 ## - ADDED ENTRY--HIERARCHICAL PLACE NAME | |
| Country or larger entity | Egypt |
| City | Cairo. |
| 942 ## - ADDED ENTRY ELEMENTS (KOHA) | |
| Source of classification or shelving scheme | Dewey Decimal Classification |
| Koha item type | Book - Borrowing |
| Withdrawn status | Lost status | Source of classification or shelving scheme | Damaged status | Not for loan | Collection code | Home library | Current library | Shelving location | Date acquired | Source of acquisition | Full call number | Barcode | Date last seen | Price effective from | Koha item type |
|---|---|---|---|---|---|---|---|---|---|---|---|---|---|---|---|
| Dewey Decimal Classification | AUC | Central Library | Central Library | Second Floor | 18/03/2017 | Donation | 892.736 KHA | 000041401 | 15/07/2025 | 18/03/2017 | Book - Borrowing | ||||
| Dewey Decimal Classification | AUC | Central Library | Central Library | Second Floor | 20/03/2017 | Donation | 892.736 KHA | 000045873 | 15/07/2025 | 20/03/2017 | Book - Borrowing |